| 000 | 00492nam a2200181Ia 4500 | ||
|---|---|---|---|
| 008 | 140424t2012 xxu||||| |||| 00| 0 sin d | ||
| 041 | _asin | ||
| 080 |
_a8-31 _bMOR |
||
| 100 | _aMorris, Edita | ||
| 245 | _aහිරෝෂිමාවේ මල් | ||
| 246 | _aHiroshimawe Mal | ||
| 260 |
_aPlatform For Alternate Culture _aNugegoda _c2012 |
||
| 300 | _b148p, 21 cm | ||
| 700 |
_aRahubaddha, Sumithra _etr. |
||
| 942 | _cBK | ||
| 999 |
_c42596 _d42596 |
||
| 003 | LK-CoDNM | ||
| 040 |
_aLK-CoDNM _dLK-CoDNM _eLK-CoDNM |
||